000 00437 a2200181 4500
001 108589
020 _a9788181901927
041 _apor
090 _aP Nursery [E]
100 _aViswanath, Shobha.
250 _a. ed.
697 _aShapes
856 _u000029/0000298e.jpg
040 _aBR-BrIDEA
_cBR-BrIDEA
245 1 0 _aWhen the Earth Lost its Shapes
_c Shobha Viswanath
260 _a[S.l.]
_bKaradi Tales
_c2011
942 _cBK
999 _c108589
_d108589